|
|
|
|
| LEADER |
00947nam a22002657a 4500 |
| 001 |
39146 |
| 003 |
BD-DhAAL |
| 008 |
220727t2003 ii a 000 0aeng d |
| 999 |
|
|
|c 44649
|d 44649
|
| 010 |
|
|
|a 75328966
|
| 015 |
|
|
|a GB75-09788
|
| 020 |
|
|
|a 9780670873845
|
| 040 |
|
|
|a BD-DhAAL
|c BD-DhAAL
|
| 082 |
0 |
0 |
|a 823
|
| 100 |
1 |
|
|a Narayan, R. K.,
|d 1906-2001.
|9 50274
|
| 245 |
1 |
0 |
|a My days /
|c R. K. Narayan.
|
| 260 |
|
|
|a New York :
|b Viking Press,
|c 2003.
|
| 300 |
|
|
|a vii, 247 pages ;
|c 21 cm.
|
| 541 |
|
|
|a Donated By Akbar Ali Khan
|e 39146
|
| 600 |
1 |
0 |
|a Narayan, R. K.,
|d 1906-2001.
|9 50274
|
| 650 |
|
0 |
|a Novelists, Indic
|y 20th century
|x Biography.
|9 50275
|
| 650 |
|
0 |
|a English literature.
|9 50276
|
| 852 |
|
|
|a Ayesha Abed Library
|c Akbar Ali Khan Collection
|
| 942 |
|
|
|2 ddc
|c BK
|
| 952 |
|
|
|0 0
|1 0
|2 ddc
|4 0
|6 823_000000000000000_NAR
|7 1
|9 71339
|a BRACUL
|b BRACUL
|c AAKC
|d 2022-07-27
|e Donated by Akbar Ali Khan
|l 0
|o 823 NAR
|p 3010039146
|r 2022-07-27
|t 1
|w 2022-07-27
|y BK
|